El Ateneo en la cultura española de este siglo (Record no. 5040)

MARC details
000 -LEADER
campo de control de longitud fija 01426njm a2200301 i 4500
001 - NÚMERO DE CONTROL
campo de control 5040
003 - IDENTIFICADOR DE NÚMERO DE CONTROL
campo de control ES-MaACL
005 - FECHA Y HORA DE LA ÚLTIMA TRANSACCIÓN
campo de control 20250822215242.0
007 - CAMPO FIJO DE DESCRIPCIÓN FÍSICA--INFORMACIÓN GENERAL
campo de control de longitud fija s|r|||||||||||
008 - DATOS DE LONGITUD FIJA--INFORMACIÓN GENERAL
campo de control de longitud fija 070913s1984 sp ||| g ||||||||1|nspa d
100 1# - ENTRADA PRINCIPAL--NOMBRE DE PERSONA
Nombre de persona Caro Baroja, Julio,
Fechas asociadas al nombre 1914-1995
9 (RLIN) 35403
245 13 - MENCIÓN DEL TÍTULO
Título El Ateneo en la cultura española de este siglo
Medio [Grabación sonora] /
Mención de responsabilidad, etc. interviene Julio Caro Baro ; palabras introductorias de César Navarro de Francisco.
260 ## - PUBLICACIÓN, DISTRIBUCIÓN, ETC.
Lugar de publicación, distribución, etc. Madrid :
Nombre del editor, distribuidor, etc. Ateneo de Madrid,
Fecha de publicación, distribución, etc. 1984.
300 ## - DESCRIPCIÓN FÍSICA
Extensión 1 disco (CD-DA) (1 h. 3 min. 23 seg.) ;
Dimensiones 12 cm.
490 1# - MENCIÓN DE SERIE
Mención de serie I Centenario del Ateneo de Madrid en su sede actual
500 ## - NOTA GENERAL
Nota general Datos basados en la invitación.
500 ## - NOTA GENERAL
Nota general Inauguración del ciclo.
518 ## - NOTA DE FECHA/HORA Y LUGAR DE UN ACONTECIMIENTO
Nota de fecha/hora y lugar de un acontecimiento Acto organizado por el Ateneo de Madrid contado con la asistencia de SS.MM. los Reyes Don Juan Carlos I y Doña Sofía, grabado en el salón de actos el lunes, 7 de mayo de 1984, a las 19:00 h.
610 04 - PUNTO DE ACCESO ADICIONAL DE MATERIA--NOMBRE DE ENTIDAD CORPORATIVA
Nombre de entidad corporativa o nombre de jurisdicción como elemento de entrada Ateneo de Madrid-
Subdivisión general Actos culturales-
Subdivisión cronológica 1984-
Subdivisión de forma Grabaciones sonoras
9 (RLIN) 1899
700 1# - ENTRADA AGREGADA--NOMBRE PERSONAL
Nombre de persona Navarro de Francisco, César,
Fechas asociadas al nombre 1932-
9 (RLIN) 85113
700 0# - ENTRADA AGREGADA--NOMBRE PERSONAL
Nombre de persona Juan Carlos
Numeración I,
Títulos y otros términos asociados al nombre Rey de España
9 (RLIN) 67108
700 0# - ENTRADA AGREGADA--NOMBRE PERSONAL
Nombre de persona Sofía,
Títulos y otros términos asociados al nombre Reina consorte de Juan Carlos I, Rey de España
9 (RLIN) 107022
710 2# - ENTRADA AGREGADA--NOMBRE DE ENTIDAD CORPORATIVA
Nombre de entidad corporativa o nombre de jurisdicción como elemento de entrada Ateneo de Madrid.
9 (RLIN) 1875
830 00 - PUNTO DE ACCESO ADICIONAL DE SERIE-TÍTULO UNIFORME
Título uniforme I Centenario del Ateneo de Madrid en su sede actual
9 (RLIN) 176776
852 ## - LOCALIZACIÓN
Ubicación ES-MaACL
Número de control de estantería ROT 6/1/15
itemnumber 5157
Ubicación en estantería Rotativo
942 ## - ELEMENTOS DE ENTRADA SECUNDARIOS (KOHA)
Fuente del sistema de clasificación o colocación Clasificación decimal universal
Holdings
Estatus retirado Estado de pérdida Fuente del sistema de clasificación o colocación Estado de daño No para préstamo Colección Biblioteca de origen Biblioteca actual Ubicación en estantería Fecha de adquisición Total de préstamos Signatura topográfica completa Código de barras Visto por última vez Precio de reemplazo Tipo de ítem Koha
    Clasificación decimal universal     Archivo de la palabra Biblioteca del Ateneo de Madrid Biblioteca del Ateneo de Madrid Rotativo 17/01/2008   ROT 6/1/15 1005103 23/02/2023 23/02/2023 Archivo de ordenador en CD-ROM, CD o disquete